000 01077nam a2200205 i 4500
001 161446
003 ES-MaACL
005 20230906212303.0
008 041019q1855 fr a |||| | fre d
245 0 0 _aParis illustré
_b: son histoire, ses monuments, ses musées, son administration, son commerce et ses plaisirs : nouveau guides des voyageurs avec 18 plans et 280 vignettes dessinées par Lancelot et Thérond /
_cpublié par une Société de Littérateurs, d'Archéologues et d'Artistes.
260 _aParis :
_bLibrairie de Hachette et Cie,
_c[1855] (
_fTyp. de Ch. Lahure)
300 _aIV, 844 p., [3] h. de plan. pleg., 12 p. :
_bil. ;
_c18 cm.
490 1 _aBibliothèque des chemins de fer. Guides-Cicerone
597 _aLa última secuencia de paginación corresponde al catálogo de la editorial.
597 _aProbablemente fechado en la segunda mitad del S. XIX.
651 4 _aParís-
_vGuías turísticas.
_99209
830 0 _aBibliothèque des chemins de fer. Guides-Cicerone
_9222112
852 _aES-MaACL
_jD-446
_z- Enc. tela
999 _c161446
_d161446